[Event "Northumbria Masters"]
[Site "Newcastle upon Tyne, ENG"]
[Date "2019.08.26"]
[Round "7.16"]
[White "Kanyamarala, Trisha"]
[Black "Balaji, Aaravamudhan"]
[Result "0-1"]
[WhiteElo "2238"]
[BlackElo "2043"]
[PlyCount "124"]
[EventDate "2019.08.23"]
[EventRounds "9"]
[EventCountry "ENG"]
[SourceTitle "BritBase"]
[Source "John Saunders"]
[SourceDate "2021.08.31"]
[SourceVersion "1"]
[SourceVersionDate "2021.08.31"]
[SourceQuality "1"]

1. d4 Nf6 2. c4 g6 3. g3 Bg7 4. Bg2 O-O 5. Nc3 d6 6. Nf3 Nbd7 7. O-O e5 8. Qc2
c6 9. Rd1 Qa5 10. Bd2 exd4 11. Nb5 Qb6 12. Nbxd4 Ng4 13. Bc3 Nde5 14. h3 Nh6
15. b3 f5 16. e3 Bd7 17. Qb2 Nhf7 18. Rac1 c5 19. Ne2 Nxc4 20. bxc4 Qxb2 21.
Bxb2 Bxb2 22. Rb1 Bf6 23. Rxb7 Bc6 24. Rc7 Ba4 25. Rc1 Bd8 26. Rb7 Bb6 27. Ne1
Rab8 28. Rxb8 Rxb8 29. Nc3 Bd7 30. Nd5 Bd8 31. Nd3 Ne5 32. N5f4 Bf6 33. Nxe5
Bxe5 34. Bd5+ Kf8 35. Nd3 Ke7 36. f4 Bg7 37. Kf2 Rb6 38. Bf3 Ra6 39. Rc2 Ra3
40. Nc1 Ba4 41. Re2 Bd1 42. Rd2 Bxf3 43. Kxf3 Rc3 44. Nb3 Rxc4 45. Na5 Ra4 46.
Nc6+ Kd7 47. Ne5+ Ke6 48. Nd3 c4 49. Nc1 Rb4 50. e4 fxe4+ 51. Ke3 d5 52. Ne2
Rb2 53. Rd1 Rxa2 54. Nd4+ Bxd4+ 55. Kxd4 Ra3 56. Kc5 Rd3 57. Ra1 c3 58. g4 c2
59. Ra6+ Kd7 60. Rxa7+ Kc8 61. Ra8+ Kb7 62. Ra1 Rd1 0-1

[Event "Northumbria Masters"]
[Site "Newcastle upon Tyne, ENG"]
[Date "2019.08.26"]
[Round "7.17"]
[White "Clark, Robert G"]
[Black "Van Den Bersselaar, Jeroen"]
[Result "1/2-1/2"]
[WhiteElo "2060"]
[BlackElo "2188"]
[PlyCount "94"]
[EventDate "2019.08.23"]
[EventRounds "9"]
[EventCountry "ENG"]
[SourceTitle "BritBase"]
[Source "John Saunders"]
[SourceDate "2021.08.31"]
[SourceVersion "1"]
[SourceVersionDate "2021.08.31"]
[SourceQuality "1"]

1. e4 c6 2. d4 d5 3. Nd2 dxe4 4. Nxe4 Bf5 5. Ng3 Bg6 6. Nf3 Nd7 7. h4 h6 8. h5
Bh7 9. Bd3 Bxd3 10. Qxd3 e6 11. Bf4 Qa5+ 12. Kf1 Ngf6 13. a3 Rd8 14. Re1 c5 15.
Qb3 Qa6+ 16. Kg1 c4 17. Qe3 Nd5 18. Qd2 Nxf4 19. Qxf4 Bd6 20. Qh4 Be7 21. Qf4
Qb5 22. Qc1 Nb6 23. c3 Na4 24. Re2 Rd6 25. Ne5 Rb6 26. Qf4 O-O 27. Ne4 Nxb2 28.
g4 Nd3 29. Qg3 Nxe5 30. dxe5 Qd5 31. Kh2 Rb5 32. g5 hxg5 33. Nxg5 Qd3 34. Re3
Qf5 35. Rg1 Bxg5 36. Qxg5 Qxg5 37. Rxg5 f6 38. Rg4 Rxe5 39. Rxe5 fxe5 40. Kg3
b5 41. h6 Rf7 42. Rg6 Re7 43. Rg5 a6 44. Kf3 Kh7 45. hxg7 Rxg7 46. Rxe5 Rd7 47.
Rxe6 Rd3+ 1/2-1/2

[Event "Northumbria Masters"]
[Site "Newcastle upon Tyne, ENG"]
[Date "2019.08.26"]
[Round "7.18"]
[White "Hutchinson, Paul A"]
[Black "Jaufarally, Nadia"]
[Result "1/2-1/2"]
[WhiteElo "2177"]
[BlackElo "1934"]
[PlyCount "114"]
[EventDate "2019.08.23"]
[EventRounds "9"]
[EventCountry "ENG"]
[SourceTitle "BritBase"]
[Source "John Saunders"]
[SourceDate "2021.08.31"]
[SourceVersion "1"]
[SourceVersionDate "2021.08.31"]
[SourceQuality "1"]

1. d4 Nf6 2. Bf4 g6 3. c4 Bg7 4. Nc3 d6 5. Nf3 O-O 6. h3 Nbd7 7. e3 b6 8. Be2
Bb7 9. O-O Rc8 10. Rc1 Ne4 11. Nxe4 Bxe4 12. Bh2 e5 13. Qd2 Qe7 14. Rfd1 Rcd8
15. b4 c5 16. dxc5 dxc5 17. Qd6 Rfe8 18. Qc7 Bxf3 19. Bxf3 Nf6 20. Qxe7 Rxd1+
21. Rxd1 Rxe7 22. bxc5 bxc5 23. Bc6 h6 24. a4 Kh7 25. a5 Rc7 26. Bb5 Ne4 27.
Rd3 a6 28. Bxa6 Ra7 29. f3 Rxa6 30. fxe4 Rxa5 31. Rd5 f6 32. Kf1 Bf8 33. Ke2
Ra4 34. Bg3 Rxc4 35. Be1 Rxe4 36. Ba5 Ra4 37. Rd7+ Kg8 38. Bd8 f5 39. Kf3 Ra6
40. e4 Rd6 41. Rxd6 Bxd6 42. exf5 gxf5 43. g4 fxg4+ 44. hxg4 Kf7 45. Ke4 Ke6
46. Ba5 Be7 47. Bc3 Bf6 48. Bb2 Bh8 49. Bc3 Bf6 50. Bb2 Bh8 51. Bc3 c4 52. Bb2
Bf6 53. Bc3 Bg7 54. Bb2 Bf6 55. Bc3 Bh8 56. Bb2 Bg7 57. Bc3 Bf6 1/2-1/2

[Event "Northumbria Masters"]
[Site "Newcastle upon Tyne, ENG"]
[Date "2019.08.26"]
[Round "7.19"]
[White "Lam, Paul G M"]
[Black "Forster, Matthew"]
[Result "1-0"]
[WhiteElo "2118"]
[BlackElo "1833"]
[PlyCount "43"]
[EventDate "2019.08.23"]
[EventRounds "9"]
[EventCountry "ENG"]
[SourceTitle "BritBase"]
[Source "John Saunders"]
[SourceDate "2021.08.31"]
[SourceVersion "1"]
[SourceVersionDate "2021.08.31"]
[SourceQuality "1"]

1. e4 c5 2. Nf3 g6 3. Bc4 Bg7 4. O-O Nc6 5. c3 Qb6 6. d4 cxd4 7. cxd4 Nxd4 8.
Nc3 a6 9. Nd5 Qc5 10. Be3 e6 11. Nxd4 exd5 12. Nb5 d4 13. Rc1 d5 14. Be2 Qxc1
15. Nd6+ Ke7 16. Qxc1 Kxd6 17. Bf4+ Ke7 18. exd5 Nf6 19. Qc5+ Ke8 20. Re1 Bf5
21. Bb5+ Kd8 22. Qc7# 1-0

[Event "Northumbria Masters"]
[Site "Newcastle upon Tyne, ENG"]
[Date "2019.08.26"]
[Round "7.20"]
[White "Turner, Max N"]
[Black "Milson, Samuel A"]
[Result "1-0"]
[WhiteElo "2012"]
[BlackElo "2103"]
[PlyCount "109"]
[EventDate "2019.08.23"]
[EventRounds "9"]
[EventCountry "ENG"]
[SourceTitle "BritBase"]
[Source "John Saunders"]
[SourceDate "2021.08.31"]
[SourceVersion "1"]
[SourceVersionDate "2021.08.31"]
[SourceQuality "1"]

1. d4 d5 2. c4 c6 3. Nf3 Nf6 4. e3 a6 5. Nbd2 Nbd7 6. Bd3 e6 7. O-O Bd6 8. b3
e5 9. cxd5 cxd5 10. dxe5 Nxe5 11. Be2 O-O 12. Bb2 Qe7 13. Nxe5 Bxe5 14. Bxe5
Qxe5 15. Nf3 Qe7 16. Nd4 Bd7 17. Bf3 Rac8 18. Qd2 Ne4 19. Bxe4 dxe4 20. Rac1
Rfd8 21. Rxc8 Rxc8 22. Rc1 Rxc1+ 23. Qxc1 Qd6 24. Qc2 f5 25. h3 b5 26. Qd2 Qc7
27. Ne2 Be6 28. Qd4 Kf7 29. Nf4 Qc1+ 30. Kh2 Qc7 31. g3 Qd7 32. Qc3 Qc8 33. Qe5
Qd7 34. Nh5 Kg6 35. Nf4+ Kf7 36. h4 h6 37. Nh5 Kg6 38. Nxg7 Qxg7 39. Qxe6+ Qf6
40. Qg8+ Qg7 41. Qxg7+ Kxg7 42. Kg2 Kf6 43. f3 Ke5 44. b4 h5 45. fxe4 Kxe4 46.
Kf2 Kd5 47. Kf3 Kc4 48. e4 fxe4+ 49. Kxe4 Kxb4 50. g4 Ka3 51. g5 Kxa2 52. g6 b4
53. g7 b3 54. g8=Q a5 55. Kd3 1-0

[Event "Northumbria Masters"]
[Site "Newcastle upon Tyne, ENG"]
[Date "2019.08.26"]
[Round "7.21"]
[White "Chipanga, Takaedza"]
[Black "Shaw, Peter"]
[Result "1/2-1/2"]
[WhiteElo "2029"]
[BlackElo "2076"]
[PlyCount "47"]
[EventDate "2019.08.23"]
[EventRounds "9"]
[EventCountry "ENG"]
[SourceTitle "BritBase"]
[Source "John Saunders"]
[SourceDate "2021.08.31"]
[SourceVersion "1"]
[SourceVersionDate "2021.08.31"]
[SourceQuality "1"]

1. d4 f5 2. c4 e6 3. g3 Nf6 4. Bg2 Be7 5. Nf3 O-O 6. O-O d6 7. Nc3 Ne4 8. Qc2
Nxc3 9. Qxc3 a5 10. Be3 Bf6 11. Rfd1 Qe7 12. Rac1 e5 13. c5 e4 14. cxd6 cxd6
15. Qxc8 Rxc8 16. Rxc8+ Kf7 17. Nd2 Ra6 18. Rxb8 Qc7 19. Rh8 Qc2 20. Re1 a4 21.
Bh3 Kg6 22. Rf8 Qxb2 23. d5 Qxa2 24. g4 1/2-1/2

[Event "Northumbria Masters"]
[Site "Newcastle upon Tyne, ENG"]
[Date "2019.08.26"]
[Round "7.22"]
[White "Metcalfe, Charlie P"]
[Black "Brown, Martin"]
[Result "1-0"]
[WhiteElo "1739"]
[BlackElo "2265"]
[PlyCount "79"]
[EventDate "2019.08.23"]
[EventRounds "9"]
[EventCountry "ENG"]
[SourceTitle "BritBase"]
[Source "John Saunders"]
[SourceDate "2021.08.31"]
[SourceVersion "1"]
[SourceVersionDate "2021.08.31"]
[SourceQuality "1"]

1. d4 Nf6 2. c4 g6 3. Nc3 d5 4. Bg5 Ne4 5. Bh4 Nxc3 6. bxc3 dxc4 7. e3 Be6 8.
Nf3 Bg7 9. Be2 Nd7 10. O-O Nb6 11. a4 a5 12. Qc2 O-O 13. Rfb1 h6 14. Nd2 f5 15.
f3 Kh8 16. e4 Bg8 17. Qb2 fxe4 18. fxe4 g5 19. Bg3 Bh7 20. Kh1 Rc8 21. Qb5 Bg6
22. Bg4 Be8 23. Qc5 Nxa4 24. Rxa4 Bxa4 25. Bxc8 Qxc8 26. Qxa5 Bc2 27. Rc1 Bd3
28. Qc5 Qe6 29. Qxc7 b5 30. Qb7 Qg4 31. Re1 h5 32. Qxe7 h4 33. Be5 Bxe5 34.
Qxf8+ Kh7 35. dxe5 h3 36. Qf5+ Qxf5 37. exf5 b4 38. cxb4 c3 39. Nb3 Bc4 40. Nc1
1-0

[Event "Northumbria Masters"]
[Site "Newcastle upon Tyne, ENG"]
[Date "2019.08.26"]
[Round "7.23"]
[White "Ther, Mate"]
[Black "Holland, Christopher"]
[Result "1-0"]
[WhiteElo "1955"]
[BlackElo "2143"]
[PlyCount "39"]
[EventDate "2019.08.23"]
[EventRounds "9"]
[EventCountry "ENG"]
[SourceTitle "BritBase"]
[Source "John Saunders"]
[SourceDate "2021.08.31"]
[SourceVersion "1"]
[SourceVersionDate "2021.08.31"]
[SourceQuality "1"]

1. e4 e6 2. d4 d5 3. e5 c5 4. c3 Nc6 5. Nf3 Bd7 6. a3 Nge7 7. Bd3 cxd4 8. cxd4
Qb6 9. Bc2 Nf5 10. Bxf5 exf5 11. Nc3 Be6 12. O-O h6 13. Qd3 g5 14. Rd1 Be7 15.
b4 Rc8 16. Bb2 Na5 17. Nd2 Nc4 18. Nxc4 Rxc4 19. Rac1 O-O 20. Nxd5 1-0

[Event "Northumbria Masters"]
[Site "Newcastle upon Tyne, ENG"]
[Date "2019.08.26"]
[Round "7.24"]
[White "Yoon, Jacob D"]
[Black "Johnson, Paul A"]
[Result "1-0"]
[WhiteElo "1987"]
[BlackElo "1796"]
[PlyCount "83"]
[EventDate "2019.08.23"]
[EventRounds "9"]
[EventCountry "ENG"]
[SourceTitle "BritBase"]
[Source "John Saunders"]
[SourceDate "2021.08.31"]
[SourceVersion "1"]
[SourceVersionDate "2021.08.31"]
[SourceQuality "1"]

1. e4 c5 2. Nf3 d6 3. c3 Nf6 4. Be2 Nc6 5. d4 Qc7 6. O-O e5 7. d5 Ne7 8. Bb5+
Bd7 9. Bxd7+ Qxd7 10. Re1 g6 11. b4 b6 12. a4 Bg7 13. a5 O-O 14. axb6 axb6 15.
Rxa8 Rxa8 16. Na3 Ra4 17. Nc4 Nc8 18. Ncxe5 dxe5 19. Nxe5 Qb5 20. Nc6 cxb4 21.
cxb4 Rxb4 22. Nxb4 Qxb4 23. Bd2 Qc4 24. Qf3 h6 25. Rc1 Qa6 26. e5 Nd7 27. Qh3
Nc5 28. d6 Qb7 29. f4 Na7 30. Be3 Nc6 31. Qf3 Bf8 32. Bxc5 bxc5 33. Qd5 Na5 34.
Qxb7 Nxb7 35. Rb1 Nd8 36. Rb8 Ne6 37. Re8 c4 38. d7 c3 39. Rxe6 Bc5+ 40. Kf1 c2
41. d8=Q+ Kg7 42. Qf6+ 1-0

[Event "Northumbria Masters"]
[Site "Newcastle upon Tyne, ENG"]
[Date "2019.08.26"]
[Round "7.25"]
[White "Mollison, Jamie"]
[Black "Izod, Chris"]
[Result "1-0"]
[WhiteElo "1929"]
[BlackElo "1943"]
[PlyCount "43"]
[EventDate "2019.08.23"]
[EventRounds "9"]
[EventCountry "ENG"]
[SourceTitle "BritBase"]
[Source "John Saunders"]
[SourceDate "2021.08.31"]
[SourceVersion "1"]
[SourceVersionDate "2021.08.31"]
[SourceQuality "1"]

1. b3 d5 2. Bb2 c5 3. e3 Nf6 4. Nf3 g6 5. c4 Bg7 6. cxd5 O-O 7. Bxf6 Bxf6 8.
Nc3 Qa5 9. Rc1 Bxc3 10. Rxc3 Qxa2 11. Rxc5 Na6 12. Qc2 Qxc2 13. Rxc2 Nb4 14.
Rc5 b6 15. Rb5 Nc2+ 16. Kd1 Bf5 17. d6 Rac8 18. dxe7 Rfe8 19. Re5 Na3 20. Nd4
Bc2+ 21. Nxc2 Rxc2 22. Bb5 1-0

[Event "Northumbria Masters"]
[Site "Newcastle upon Tyne, ENG"]
[Date "2019.08.26"]
[Round "7.26"]
[White "Guha, Chirag"]
[Black "Gayson, Peter M"]
[Result "0-1"]
[WhiteElo "1876"]
[BlackElo "2069"]
[PlyCount "46"]
[EventDate "2019.08.23"]
[EventRounds "9"]
[EventCountry "ENG"]
[SourceTitle "BritBase"]
[Source "John Saunders"]
[SourceDate "2021.08.31"]
[SourceVersion "1"]
[SourceVersionDate "2021.08.31"]
[SourceQuality "1"]

1. d4 f5 2. g3 g6 3. Bg2 Bg7 4. Nf3 Nh6 5. c4 d6 6. Nc3 Nf7 7. d5 c5 8. h4 Nd7
9. h5 Nde5 10. e4 fxe4 11. Nxe5 Nxe5 12. Bxe4 Bf5 13. Qe2 Qd7 14. f4 Ng4 15.
Bf3 Bxc3+ 16. bxc3 O-O-O 17. h6 Rde8 18. Rh4 e5 19. Bxg4 exf4 20. Bxf5 Qxf5 21.
Rxf4 Qd3 22. Rf2 Qxc3+ 23. Kf1 Rxe2 0-1

[Event "Northumbria Masters"]
[Site "Newcastle upon Tyne, ENG"]
[Date "2019.08.27"]
[Round "8.1"]
[White "Donchenko, Alexander"]
[Black "Merry, Alan B"]
[Result "1/2-1/2"]
[WhiteElo "2618"]
[BlackElo "2427"]
[PlyCount "71"]
[EventDate "2019.08.23"]
[EventRounds "9"]
[EventCountry "ENG"]
[SourceTitle "BritBase"]
[Source "John Saunders"]
[SourceDate "2021.08.31"]
[SourceVersion "1"]
[SourceVersionDate "2021.08.31"]
[SourceQuality "1"]

1. d4 d5 2. Nf3 Nf6 3. Bf4 c5 4. e3 Nc6 5. Nbd2 Bg4 6. h3 Bxf3 7. Nxf3 e6 8. c3
Bd6 9. Qb3 O-O 10. Qxb7 Na5 11. Qa6 Bxf4 12. exf4 c4 13. b4 cxb3 14. axb3 Nxb3
15. Ra3 Rb8 16. Bb5 Rb6 17. Qa4 a6 18. Bd3 Nc1 19. Bc2 Qc7 20. Ne5 Rfb8 21. Qa5
Ne4 22. Ra1 Rc8 23. c4 f6 24. c5 fxe5 25. Qxb6 Qxb6 26. cxb6 Rxc2 27. O-O Ne2+
28. Kh2 N4c3 29. fxe5 Rb2 30. Rxa6 Nxd4 31. Rfa1 h5 32. R1a3 Ne4 33. Ra2 Rb1
34. Ra1 Rb2 35. R1a2 Rb1 36. Ra1 1/2-1/2

[Event "Northumbria Masters"]
[Site "Newcastle upon Tyne, ENG"]
[Date "2019.08.27"]
[Round "8.2"]
[White "Gormally, Daniel W"]
[Black "Pruijssers, Roeland"]
[Result "0-1"]
[WhiteElo "2495"]
[BlackElo "2534"]
[PlyCount "118"]
[EventDate "2019.08.23"]
[EventRounds "9"]
[EventCountry "ENG"]
[SourceTitle "BritBase"]
[Source "John Saunders"]
[SourceDate "2021.08.31"]
[SourceVersion "1"]
[SourceVersionDate "2021.08.31"]
[SourceQuality "1"]

1. d4 f5 2. Bg5 g6 3. Nd2 Bg7 4. e4 fxe4 5. Nxe4 d5 6. Ng3 Nf6 7. Nf3 O-O 8.
Be2 Nc6 9. c3 Qd6 10. h3 Nd7 11. O-O e5 12. dxe5 Ndxe5 13. Nxe5 Nxe5 14. Qd2 b6
15. Bh6 Bxh6 16. Qxh6 Bb7 17. Rad1 Qf6 18. Qd2 Qf4 19. Qxf4 Rxf4 20. Rfe1 Re8
21. Bf1 Kf8 22. Re3 Nf7 23. c4 dxc4 24. Rd7 Nd6 25. Rxh7 Rxe3 26. fxe3 Rf7 27.
Rh4 b5 28. b3 Bd5 29. e4 cxb3 30. axb3 Bxb3 31. e5 Nc4 32. Ne4 Nxe5 33. Bxb5
Ke7 34. Nd2 Bc2 35. Nc4 Kf6 36. Ne3 Bd3 37. Ng4+ Nxg4 38. Bxd3 Ne5 39. Bc2 Rd7
40. Ra4 c6 41. Be4 c5 42. Ra6+ Kf7 43. Ra5 Rc7 44. Kf2 Ke7 45. Kg3 g5 46. h4
gxh4+ 47. Kxh4 Nc4 48. Ra6 Nd6 49. Bc2 c4 50. Ra5 c3 51. g4 Nc4 52. Ra1 Kf8 53.
Kg3 Ne3 54. Be4 c2 55. Rc1 Rd7 56. Bxc2 Rc7 57. Ra1 Nxc2 58. Ra4 Ne3 59. Kf4
Rc4+ 0-1

[Event "Northumbria Masters"]
[Site "Newcastle upon Tyne, ENG"]
[Date "2019.08.27"]
[Round "8.3"]
[White "Tan, Justin"]
[Black "Maksimenko, Andrei"]
[Result "1-0"]
[WhiteElo "2503"]
[BlackElo "2468"]
[PlyCount "59"]
[EventDate "2019.08.23"]
[EventRounds "9"]
[EventCountry "ENG"]
[SourceTitle "BritBase"]
[Source "John Saunders"]
[SourceDate "2021.08.31"]
[SourceVersion "1"]
[SourceVersionDate "2021.08.31"]
[SourceQuality "1"]

1. e4 c5 2. Nf3 d6 3. d4 cxd4 4. Nxd4 Nf6 5. Nc3 a6 6. h3 e6 7. g4 Be7 8. g5
Nfd7 9. Be3 b5 10. a3 Bb7 11. h4 Nc6 12. Rh3 O-O 13. f4 Nc5 14. Qe2 Re8 15.
O-O-O Qc7 16. Kb1 Rab8 17. Bc1 b4 18. axb4 Nxb4 19. g6 fxg6 20. h5 g5 21. Qc4
Bc8 22. h6 g6 23. f5 Bf6 24. fxg6 hxg6 25. Rf3 Qe7 26. Bh3 a5 27. Qf1 Bxd4 28.
Rxd4 e5 29. Rxb4 Bxh3 30. Rxb8 1-0

[Event "Northumbria Masters"]
[Site "Newcastle upon Tyne, ENG"]
[Date "2019.08.27"]
[Round "8.4"]
[White "Berry, Neil"]
[Black "Raetsky, Alexander"]
[Result "1-0"]
[WhiteElo "2207"]
[BlackElo "2404"]
[PlyCount "147"]
[EventDate "2019.08.23"]
[EventRounds "9"]
[EventCountry "ENG"]
[SourceTitle "BritBase"]
[Source "John Saunders"]
[SourceDate "2021.08.31"]
[SourceVersion "1"]
[SourceVersionDate "2021.08.31"]
[SourceQuality "1"]

1. d4 d5 2. c4 Nc6 3. Nc3 e5 4. cxd5 Nxd4 5. e3 Nf5 6. Nf3 Bd6 7. Bb5+ Kf8 8.
e4 Nh4 9. O-O Nxf3+ 10. Qxf3 Qf6 11. Qg3 Qg6 12. Be3 Nf6 13. f3 Qxg3 14. hxg3
a6 15. Be2 Bd7 16. Rac1 Ke7 17. Nb1 Rhc8 18. Nd2 Bb5 19. Kf2 Nd7 20. g4 h6 21.
Rc2 c5 22. Rfc1 Rcb8 23. Nf1 Bxe2 24. Kxe2 b5 25. Ng3 Kf6 26. Nf5 Bf8 27. Bf2
Kg6 28. d6 c4 29. b3 cxb3 30. axb3 Kf6 31. Rc6 Ke6 32. Ne3 Nf6 33. Bh4 g5 34.
d7+ Kxd7 35. Rxf6 gxh4 36. Rxf7+ Ke8 37. Rfc7 Be7 38. Nf5 Bg5 39. R1c5 Kf8 40.
R5c6 Rd8 41. Nxh6 Bxh6 42. Rxh6 Kg8 43. Rxh4 a5 44. Rhh7 a4 45. bxa4 bxa4 46.
Rcg7+ Kf8 47. Ra7 Kg8 48. Rxa8 Rxa8 49. Rh1 a3 50. Kd3 Kf7 51. Kc3 Rb8 52. Ra1
Rb2 53. Rxa3 Rxg2 54. Kc4 Kf6 55. Ra6+ Kf7 56. Kd5 Rg3 57. Kxe5 Rxf3 58. g5 Kg7
59. Rf6 Ra3 60. Kf5 Ra1 61. e5 Rf1+ 62. Ke6 Ra1 63. Kd6 Ra6+ 64. Kd5 Ra5+ 65.
Ke4 Ra1 66. e6 Re1+ 67. Kf5 Rf1+ 68. Ke5 Re1+ 69. Kd6 Rd1+ 70. Kc7 Rc1+ 71. Kd8
Rd1+ 72. Ke8 Rd5 73. e7 Rxg5 74. Rf7+ 1-0

[Event "Northumbria Masters"]
[Site "Newcastle upon Tyne, ENG"]
[Date "2019.08.27"]
[Round "8.5"]
[White "Dong, Bao Nghia"]
[Black "Siddharth, Jagadeesh"]
[Result "0-1"]
[WhiteElo "2217"]
[BlackElo "2382"]
[PlyCount "88"]
[EventDate "2019.08.23"]
[EventRounds "9"]
[EventCountry "ENG"]
[SourceTitle "BritBase"]
[Source "John Saunders"]
[SourceDate "2021.08.31"]
[SourceVersion "1"]
[SourceVersionDate "2021.08.31"]
[SourceQuality "1"]

1. d4 Nf6 2. Nf3 e6 3. Bg5 d5 4. c4 Be7 5. Nc3 O-O 6. e3 h6 7. Bh4 b6 8. Rc1
Bb7 9. cxd5 Nxd5 10. Nxd5 Bxd5 11. Bxe7 Qxe7 12. b3 Rc8 13. Bc4 Bb7 14. O-O Nd7
15. Bb5 c6 16. Be2 c5 17. dxc5 Nxc5 18. b4 Rd8 19. Nd4 e5 20. bxc5 bxc5 21. Nc6
Bxc6 22. Qc2 Qb7 23. f3 Rac8 24. Qxc5 Rd2 25. Rc2 Rxe2 26. Rxe2 Bb5 27. Qb4 Qa6
28. Ree1 Bxf1 29. Rxf1 Qxa2 30. Qg4 Rc2 31. Rd1 Qa5 32. Qf5 Rc6 33. Qd7 Qc7 34.
Qd8+ Kh7 35. Qd3+ g6 36. h4 h5 37. Qa3 Kg7 38. Ra1 a6 39. Rd1 a5 40. e4 Rc2 41.
Kh2 Qb6 42. Qa1 Qf6 43. Kg1 Qxh4 44. Qxa5 Qg3 0-1

[Event "Northumbria Masters"]
[Site "Newcastle upon Tyne, ENG"]
[Date "2019.08.27"]
[Round "8.6"]
[White "Stoyanov, Viktor"]
[Black "Fitzsimons, David"]
[Result "1/2-1/2"]
[WhiteElo "2207"]
[BlackElo "2317"]
[PlyCount "111"]
[EventDate "2019.08.23"]
[EventRounds "9"]
[EventCountry "ENG"]
[SourceTitle "BritBase"]
[Source "John Saunders"]
[SourceDate "2021.08.31"]
[SourceVersion "1"]
[SourceVersionDate "2021.08.31"]
[SourceQuality "1"]

1. d4 Nf6 2. Nf3 g6 3. Nbd2 Bg7 4. e4 d6 5. Bd3 O-O 6. O-O Nc6 7. c3 e5 8. dxe5
Nxe5 9. Nxe5 dxe5 10. Nc4 Nh5 11. Re1 Nf4 12. Bf1 Qf6 13. Be3 Rd8 14. Qc2 Bg4
15. f3 Be6 16. Rad1 Rxd1 17. Rxd1 h5 18. Kh1 h4 19. Qf2 g5 20. Bc1 b6 21. b3
Bf8 22. b4 g4 23. Ne3 gxf3 24. Qxf3 Bg7 25. Nf5 Bxf5 26. exf5 Rd8 27. Rxd8+
Qxd8 28. c4 Qd4 29. g3 hxg3 30. hxg3 Qa1 31. Bxf4 exf4 32. Qxf4 Be5 33. Qf3 Qe1
34. b5 Qxg3 35. Qxg3+ Bxg3 36. Kg2 Bd6 37. Kf3 f6 38. Ke4 Kg7 39. Kf3 Kh6 40.
Kg4 Bb4 41. Bg2 Bd6 42. Bd5 Bc5 43. Be6 Bd6 44. Kf3 Kg5 45. Ke4 Kg4 46. Kd5 Kf4
47. Kc6 Ke5 48. Kb7 Kd4 49. Kxa7 Kc5 50. Kb7 Be5 51. a3 Bf4 52. Ka6 Bc1 53. a4
Kb4 54. Kb7 Bf4 55. Kc6 Kxa4 56. c5 1/2-1/2

[Event "Northumbria Masters"]
[Site "Newcastle upon Tyne, ENG"]
[Date "2019.08.27"]
[Round "8.7"]
[White "Han, Yichen"]
[Black "Welling, Gerard"]
[Result "1-0"]
[WhiteElo "2205"]
[BlackElo "2307"]
[PlyCount "85"]
[EventDate "2019.08.23"]
[EventRounds "9"]
[EventCountry "ENG"]
[SourceTitle "BritBase"]
[Source "John Saunders"]
[SourceDate "2021.08.31"]
[SourceVersion "1"]
[SourceVersionDate "2021.08.31"]
[SourceQuality "1"]

1. e4 c6 2. d4 g6 3. Nc3 Bg7 4. h3 d5 5. Nf3 dxe4 6. Nxe4 Nf6 7. Nxf6+ exf6 8.
Bc4 O-O 9. O-O Nd7 10. Bb3 Nb6 11. Re1 a5 12. a4 Nd5 13. Bd2 Qd6 14. Qc1 g5 15.
c4 Nb4 16. c5 Qd8 17. Bxb4 axb4 18. Qd2 h5 19. Qxb4 g4 20. hxg4 hxg4 21. Nh2 f5
22. Rad1 Qh4 23. d5 cxd5 24. Bxd5 Ra6 25. Qf4 Bh6 26. Qc7 Rf6 27. Re7 Qh5 28.
Rde1 f4 29. Re8 g3 30. fxg3 Qxd5 31. Qxc8 fxg3 32. Nf3 Rc6 33. Qg4+ Rg6 34. Qd4
Qxd4+ 35. Nxd4 Rg4 36. Nf5 Bd2 37. R1e4 Rg5 38. R8e5 Rd8 39. Nd6 Rxe5 40. Rxe5
Bf4 41. Rd5 Be3+ 42. Kf1 Bxc5 43. Rg5+ 1-0

[Event "Northumbria Masters"]
[Site "Newcastle upon Tyne, ENG"]
[Date "2019.08.27"]
[Round "8.8"]
[White "Adair, James R"]
[Black "Munshi, Aditya"]
[Result "1-0"]
[WhiteElo "2473"]
[BlackElo "2091"]
[PlyCount "77"]
[EventDate "2019.08.23"]
[EventRounds "9"]
[EventCountry "ENG"]
[SourceTitle "BritBase"]
[Source "John Saunders"]
[SourceDate "2021.08.31"]
[SourceVersion "1"]
[SourceVersionDate "2021.08.31"]
[SourceQuality "1"]

1. c4 e5 2. Nc3 Bb4 3. Nd5 Bc5 4. e3 Nf6 5. b4 Bf8 6. Bb2 Nxd5 7. cxd5 d6 8.
Qc2 c6 9. Bc4 Be7 10. Ne2 Nd7 11. Nc3 Nb6 12. Bb3 cxd5 13. Nxd5 Nxd5 14. Bxd5
Qb6 15. Qc4 O-O 16. a4 Bd7 17. a5 Qd8 18. Bxb7 Rb8 19. Bd5 Bb5 20. Qb3 Qd7 21.
d3 Qf5 22. e4 Qg5 23. O-O Bd7 24. Bc1 Qg6 25. f4 exf4 26. Bxf4 Bf6 27. Rac1
Bd4+ 28. Kh1 Rbc8 29. Rxc8 Bxc8 30. Qc4 Qf6 31. Qc1 Bb2 32. Qd1 Ba6 33. Bg3 Qc3
34. Bxd6 Qxd3 35. Qxd3 Bxd3 36. Rf3 Bxe4 37. Bxe4 Rd8 38. Rd3 Re8 39. Bg3 1-0

[Event "Northumbria Masters"]
[Site "Newcastle upon Tyne, ENG"]
[Date "2019.08.27"]
[Round "8.9"]
[White "Gourlay, Iain"]
[Black "Eggleston, Thomas A"]
[Result "1-0"]
[WhiteElo "2345"]
[BlackElo "2170"]
[PlyCount "135"]
[EventDate "2019.08.23"]
[EventRounds "9"]
[EventCountry "ENG"]
[SourceTitle "BritBase"]
[Source "John Saunders"]
[SourceDate "2021.08.31"]
[SourceVersion "1"]
[SourceVersionDate "2021.08.31"]
[SourceQuality "1"]

1. c4 b6 2. Nc3 Bb7 3. e4 e6 4. Nge2 Bb4 5. d3 Ne7 6. g3 O-O 7. Bg2 f5 8. O-O
e5 9. Nd5 Nxd5 10. cxd5 Na6 11. d4 exd4 12. e5 c5 13. dxc6 Bxc6 14. Qxd4 Qc8
15. Qc4+ Kh8 16. Bxc6 dxc6 17. Nd4 c5 18. Nb5 Nc7 19. Nxc7 Qxc7 20. a3 Ba5 21.
b4 b5 22. Qxb5 cxb4 23. axb4 Bb6 24. Bf4 Qe7 25. Rad1 Rad8 26. Rd6 g5 27. Bc1
Rxd6 28. exd6 Qf6 29. Re1 f4 30. gxf4 Bd4 31. Re8 Qxd6 32. Rxf8+ Qxf8 33. Be3
Bxe3 34. Qe5+ Kg8 35. Qxg5+ Kh8 36. Qe5+ Kg8 37. Qe6+ Kh8 38. Qe5+ Kg8 39. Qd5+
Kh8 40. fxe3 Qxb4 41. Qa8+ Kg7 42. Qxa7+ Kh6 43. Qa6+ Kg7 44. Qd3 Qb7 45. Qd4+
Kf7 46. Qe5 Qf3 47. f5 Qd1+ 48. Kf2 Qd2+ 49. Kf3 Qd1+ 50. Kf4 Qf1+ 51. Kg5 Qg2+
52. Qg3 Qc6 53. Kf4 Qc7+ 54. Kg4 Qc6 55. Qf3 Qa4+ 56. e4 Qc4 57. Qe3 Ke8 58.
Kg5 Qg8+ 59. Kf4 Qc4 60. Qb6 Qc1+ 61. Ke5 Qc3+ 62. Qd4 Qc7+ 63. Qd6 Qc3+ 64.
Ke6 Qc4+ 65. Kf6 Qf7+ 66. Ke5 Qg7+ 67. Kd5 Qb2 68. Qe5+ 1-0